| 000 | 01204nam a2200301Ia 4500 | ||
|---|---|---|---|
| 001 | 6828 | ||
| 003 | IT-RoPAU | ||
| 008 | 130308s9999 xx 000 0 und d | ||
| 040 | _aIT-RoPAU | ||
| 040 | _cIT-RoPAU | ||
| 041 | _aITALIANO | ||
| 100 | _aVioli Patrizia | ||
| 100 | _gCodice Aut. SPICS: 637 | ||
| 245 | _aGiornali dell'estrema sinistra (I) | ||
| 245 | _bGiornali dell'estrema sinistra (I) | ||
| 250 | _a1a ed. | ||
| 260 | _aMILANO | ||
| 260 | _bGarzanti | ||
| 260 | _c1977 [1° Ed.:1977 - Ed.Ling.Originale:1977] | ||
| 300 | _a"192 p. (prefazione: no ; testo: 192)" | ||
| 500 | _aTranelli e Ambiguità della Lingua e dell'ideologia breve Analisi su Alcuni Aspetti del Movimento Studentesco Potere Operaio Lessico e Sintassi Servire Il Popolo lotta continua ruolo di lotta continua nella Controinformazione Ricupero della Cultura Popolare Discorso Diretto Espressioni Gergali e Dialetto Elementi Connotativi della Struttura Sintattica presenza di Elementi della Tradizione colta Settarismo e Trionfalismo Informazione e Commento | ||
| 650 | _aSAGGI DI STAMPA DI MASSA | ||
| 650 | _eCodice materia Spics: 6661 | ||
| 942 | _cBK | ||
| 957 | _71 | ||
| 999 |
_c70008 _d70008 |
||
| 999 | _bSI | ||
| 999 | _g1 | ||